00767nam a2200241 i 450000100060000000300090000600500170001500700030003200800410003501700170007602000180009308000270011124501320013825000120027026000330028230000390031549000310035465000290038570000200041470000270043483000310046185200330049282078ES-MaACL20230906174602.0t|041122s1997 sp ||||1| spa d aM 10312-1997 a84-7960-201-5 a82(4-17)-32"19"(082.2)00aHijas del frío b: relatos de escritoras nórdicas / cedición de Eva Liévana ... [et al.] ; prólogo de Lourdes Ortiz. a1ª ed. aMadrid : bLa Torre, c1997. a278 p., XI p. de lám. ; c24 cm.1 aBiblioteca nórdica ; v514aNovelas europeas-yS.XX.1 aLiébana, Eva.0 aOrtiz, Lourdes,d1943-0 aBiblioteca nórdica ; v5 aES-MaACLjE-10460 bR.134578